00577nam a2200229 u 450000100070000000500170000700800410002403500110006503500210007604000130009704100080011008000070011810000300012524500460015525000090020126000340021030000190024465000380026365000150030165000140031665000170033014834620260506075401.0971121s1913 fre  a148346 a(OCoLC)777998708 ccomduadb afre aWE10aCalot, Francois4auteaut10aL'orthopedie indispensable aux praticiens a6ed. aFrancia :bA. Maloine,c1913. a1108 páginas 7aSistema musculoesquelético2dcs aLuxaciones aOrtopedia aTuberculosis